Statystyki dla Najwięksi partnerzy handlowi - Turcja

Kliknij tutaj aby rozwiązać quiz!

Ogólne statystyki

  • Ten quiz został rozwiązany 92 razy
  • Średni wynik to 17 z 22

Statystyki odpowiedzi

EksportImportPaństwo% Poprawnych
15,2 miliardówRosja
99%
2,65 miliardów3,24 miliardówPolska
98%
25,6 miliardówChiny
96%
14,0 miliardów21,5 miliardówNiemcy
96%
6,03 miliardów7,36 miliardówFrancja
94%
4,99 miliardów5,68 miliardówHiszpania
94%
6,63 miliardów10,9 miliardówStany Zjednoczone
94%
7,58 miliardów10,2 miliardówWłochy
93%
5,76 miliardówIndie
85%
4,97 miliardów4,70 miliardówIran
85%
11,7 miliardów5,32 miliardówWielka Brytania
85%
3,94 miliardówJaponia
79%
2,73 miliardówEgipt
77%
7,64 miliardówIrak
77%
3,17 miliardów6,38 miliardówArabia Saudyjska
71%
2,96 miliardówIzrael
63%
3,20 miliardówBelgia
61%
3,59 miliardów3,00 miliardówHolandia
58%
6,38 miliardówKorea Południowa
58%
2,67 miliardówRumunia
58%
5,41 miliardów3,70 miliardówZjednoczone Emiraty Arabskie
58%
2,68 miliardówSzwajcaria
46%

Rozkład punktacji

Percentyl według liczby udzielonych odpowiedzi

Procent ludzi z każdym wynikiem

Twoja historia wyników

Nie rozwiązałeś tego quizu